judicial

Partidos politicos, tensiones y practicas electorales: (Registro nro. 6512)

Detalles MARC
000 -LEADER
fixed length control field 01004nam a22003257a 4500
003 - CONTROL NUMBER IDENTIFIER
control field OSt
005 - DATE AND TIME OF LATEST TRANSACTION
control field 20260331114108.0
007 - PHYSICAL DESCRIPTION FIXED FIELD--GENERAL INFORMATION
fixed length control field ta
008 - FIXED-LENGTH DATA ELEMENTS--GENERAL INFORMATION
fixed length control field 260331s2025 ag ||||| |||| 00| 0 spa d
020 ## - INTERNATIONAL STANDARD BOOK NUMBER
International Standard Book Number 9789878091808
040 ## - CATALOGING SOURCE
Transcribing agency cj catamarca
082 ## - DEWEY DECIMAL CLASSIFICATION NUMBER
Classification number 32(091) D542
100 10 - MAIN ENTRY--PERSONAL NAME
9 (RLIN) 208
Personal name Diaz, Marcelo Omar
245 10 - TITLE STATEMENT
Title Partidos politicos, tensiones y practicas electorales:
Remainder of title Catamarca, 1900-1918
250 ## - EDITION STATEMENT
Edition statement 1º ed.
260 ## - PUBLICATION, DISTRIBUTION, ETC.
Place of publication, distribution, etc. Rosario:
Name of publisher, distributor, etc. Prohistoria,
Date of publication, distribution, etc. 2025
300 ## - PHYSICAL DESCRIPTION
Extent 298 p.
Dimensions 23 cm
500 ## - GENERAL NOTE
General note INVENTARIO Nº 8131
650 #7 - SUBJECT ADDED ENTRY--TOPICAL TERM
Source of heading or term SAIJ
653 ## - INDEX TERM--UNCONTROLLED
Uncontrolled term HISTORIA-CATAMARCA
653 ## - INDEX TERM--UNCONTROLLED
Uncontrolled term PARTIDOS POLITICOS-CATAMARCA
653 ## - INDEX TERM--UNCONTROLLED
Uncontrolled term PRACTICAS ELECTORALES-CATAMARCA
653 ## - INDEX TERM--UNCONTROLLED
Uncontrolled term PAZ CONSERVADORA CATAMARCA
653 ## - INDEX TERM--UNCONTROLLED
Uncontrolled term REGENERACION-CATAMARCA
653 ## - INDEX TERM--UNCONTROLLED
Uncontrolled term LUCHA DE FACCIONES-CATAMARCA
653 ## - INDEX TERM--UNCONTROLLED
Uncontrolled term ELITE CATAMARQUEÑA
653 ## - INDEX TERM--UNCONTROLLED
Uncontrolled term REFORMA ELECTORAL-CATAMARCA
856 ## - ELECTRONIC LOCATION AND ACCESS
Uniform Resource Identifier <a href="https://drive.google.com/file/d/1Lz20O_mXhMlS6HA1s8dbRqbC8fj_sL83/view?usp=sharing">https://drive.google.com/file/d/1Lz20O_mXhMlS6HA1s8dbRqbC8fj_sL83/view?usp=sharing</a>
942 ## - ADDED ENTRY ELEMENTS (KOHA)
Source of classification or shelving scheme Dewey Decimal Classification
Koha item type Book
Suppress in OPAC No
Existencias
Withdrawn status Lost status Source of classification or shelving scheme Damaged status Not for loan Home library Current library Date acquired Source of acquisition Total Checkouts Full call number Barcode Date last seen Price effective from Koha item type
    Dewey Decimal Classification     PJCB PJCB 03/31/2026 Donado   32(091) D542 8131 03/31/2026 03/31/2026 Book
-->
  •  poder judicial

    Con tecnología Koha